ARRUPE JESUIT UNIVERSITY

CORONAVIRUS -STOP THE SPREAD - CLEAN,DISINFECT,COVER
Normal view MARC view

Entry Personal Name

Number of records used in: 1

001 - CONTROL NUMBER

  • control field: 1454

003 - CONTROL NUMBER IDENTIFIER

  • control field: ARRUPE

005 - DATE AND TIME OF LATEST TRANSACTION

  • control field: 20130926142209.0

008 - FIXED-LENGTH DATA ELEMENTS

  • fixed length control field: 130926|| aca||aabn | a|a d

040 ## - CATALOGING SOURCE

  • Original cataloging agency: ARRUPE
  • Transcribing agency: ARRUPE

100 ## - HEADING--PERSONAL NAME

  • Personal name: Nyerere, Julius K.
  • Fuller form of name: (Julius Kambarage),
  • Dates associated with a name: 1922-1999.

670 ## - SOURCE DATA FOUND

  • Source citation: Work cat.: (ARRUPE)0: Nyerere, Julius K. (Julius Kambarage), 1922-1999., Our leadership and the destiny of Tanzania /, 1995.

 

Arrupe Library. PO Box MP320 Mt Pleasant, Harare, Zimbabwe
263 242 745411|librarian@aju.ac.zw